[Event "Queens-ch"]
[Site "Jamaica"]
[Date "2006.10.06"]
[Round "1"]
[White "Felber, Joseph J"]
[Black "Suriyan, Nathan"]
[Result "1-0"]
[WhiteElo "2000"]
[BlackElo "1512"]
[PlyCount "75"]
[EventDate "2006.02.26"]
[EventType "swiss"]
[EventRounds "7"]
[EventCountry "USA"]
[SourceTitle "EXT 2008"]
[Source "ChessBase"]
[SourceDate "2007.11.25"]
[SourceVersion "1"]
[SourceVersionDate "2007.11.25"]
[SourceQuality "1"]

1. e4 e5 2. Bc4 Bc5 3. Nf3 d6 4. 0-0 Nf6 5. d3 h6 6. Be3 Bb6 7. c3 0-0 8. Nbd2 Bg4 9. Qc2 Nc6 10. d4 exd4 11. cxd4 Re8 12. Bd5 Nxd5 13. exd5 Ne7 14. Qb3 Bxf3 15. Nxf3 Nf5 16. Rae1 Qf6 17. Qa4 Re4 18. Bg5 Rxe1 19. Bxf6 Rxf1+ 20. Kxf1 gxf6 21. Qd7 Ng7 22. g3 Kf8 23. Qh3 h5 24. Qh4 Ke7 25. Qe4+ Kf8 26. Qh7 Ne8 27. Qxh5 Ke7 28. Nh4 Rd8 29. Qg4 Rd7 30. Nf5+ Kd8 31. h4 Ba5 32. h5 Bd2 33. h6 Bxh6 34. Nxh6 a6 35. Qg8 Re7 36. Nxf7+ Kd7 37. Qg4+ Re6 38. Qxe6# 1-0